00194 a2200097 4500020001500000041000800015100001900023245003000042942000700072999001700079 a1562703072 aspa aPatricia Kelly aBusca en la bolsa de Mama cBK c19950d19950